[Event "Open Aubagne 2024/25"]
[Site "Aubagne"]
[Date "2024.10.05"]
[Round "2.18"]
[White "Leonti, Denis"]
[Black "Belaid, Myriam"]
[Result "1-0"]
[WhiteElo "1508"]
[BlackElo "1399"]
[PlyCount "83"]
[WhiteTeam "Hay Chess"]
[BlackTeam "Cercle d'Echecs Aubagnais"]

1. e4 c5 2. Nc3 d6 3. g3 g6 4. Bg2 Bg7 5. d3 Nf6 6. Be3 O-O 7. Qc1 Nc6 8. Bh6
Bd7 9. Bxg7 Kxg7 10. Nge2 Rb8 11. O-O a6 12. Qd2 e5 13. f4 Re8 14. fxe5 Nxe5
15. Nf4 b5 16. Ncd5 b4 17. Nxf6 Qxf6 18. Nh5+ gxh5 19. Rxf6 Kxf6 20. Rf1+ Ke7
21. Qg5+ Kf8 22. Qxh5 Re7 23. Qxh7 Re6 24. Qh8+ Ke7 25. Qxb8 Nc6 26. Qg8 d5 27.
Rxf7+ Kd6 28. Rxd7+ Kxd7 29. Bh3 dxe4 30. Qxe6+ Kc7 31. dxe4 Nd4 32. Qc8+ Kd6
33. Qd7+ Ke5 34. Qd5+ Kf6 35. e5+ Kg6 36. Qe4+ Kg5 37. Qh4+ Kg6 38. Qf6+ Kh7
39. Bf5+ Nxf5 40. Qxf5+ Kg7 41. e6 a5 42. e7 1-0

[Event "Open Aubagne 2024/25"]
[Site "Aubagne"]
[Date "2024.10.05"]
[Round "2.19"]
[White "Portes, Daniel"]
[Black "Roux, Jean-Marie"]
[Result "0-1"]
[WhiteElo "1399"]
[BlackElo "1502"]
[PlyCount "82"]
[WhiteTeam "Hay Chess"]
[BlackTeam "L'Echiquier du Roy René"]

1. d4 d5 2. Nf3 Nf6 3. Bf4 Bg4 4. h3 Bh5 5. e3 e6 6. Bd3 Be7 7. Nbd2 O-O 8. c3
Nc6 9. Qc2 Bg6 10. Ne5 Bxd3 11. Qxd3 Bd6 12. Ndf3 Ne4 13. Nxc6 bxc6 14. Ne5
Bxe5 15. Bxe5 c5 16. O-O cxd4 17. exd4 c6 18. Rae1 Qh4 19. Bg3 Qg5 20. Qe3 Qg6
21. Re2 a5 22. a4 h6 23. Bf4 Rac8 24. f3 Nf6 25. Qe5 Nd7 26. Qd6 Nb6 27. b3 Qd3
28. Qe5 Qxc3 29. Bxh6 gxh6 30. Re3 Qc2 31. f4 Kh7 32. Rg3 Rg8 33. Rff3 Rxg3 34.
Rxg3 Rg8 35. Rxg8 Kxg8 36. Qe3 Nd7 37. Kh2 Nf6 38. Qf3 Qe4 39. Qxe4 Nxe4 40. b4
axb4 41. a5 Nd6 0-1

[Event "Open Aubagne 2024/25"]
[Site "Aubagne"]
[Date "2024.10.05"]
[Round "2.20"]
[White "Periale, Albert"]
[Black "Peucelle, Richard"]
[Result "1-0"]
[WhiteElo "1484"]
[BlackElo "1399"]
[PlyCount "67"]
[WhiteTeam "Cercle d'Echecs Aubagnais"]
[BlackTeam "Cercle d'Echecs Aubagnais"]

1. d4 d5 2. Nf3 Nc6 3. Bf4 Nf6 4. h3 Bf5 5. c3 e6 6. e3 Be7 7. Nh4 Bd6 8. Bxd6
Qxd6 9. Nxf5 exf5 10. Nd2 O-O 11. Bd3 Qd7 12. Qf3 Ne7 13. Nf1 b6 14. Ng3 g6 15.
O-O Rac8 16. Rac1 c5 17. dxc5 bxc5 18. c4 d4 19. Rfd1 dxe3 20. fxe3 Rfd8 21.
Bxf5 Qc6 22. Bxc8 Qxc8 23. Qxf6 Qc7 24. Rxd8+ Qxd8 25. Rf1 Qf8 26. Ne4 Nc8 27.
Ng5 Qe7 28. Qxe7 Nxe7 29. Rxf7 h6 30. Rxe7 hxg5 31. Rxa7 Kf8 32. Rc7 Ke8 33. a4
Kd8 34. Rxc5 1-0

[Event "Open Aubagne 2024/25"]
[Site "Aubagne"]
[Date "2024.10.05"]
[Round "2.21"]
[White "Bouidh, Sonia"]
[Black "Camus, Evan"]
[Result "1-0"]
[WhiteElo "1430"]
[BlackElo "1470"]
[PlyCount "75"]
[WhiteTeam "Marseille Passion Echecs"]
[BlackTeam "Hay Chess"]

1. e4 e5 2. Nf3 Nc6 3. Bb5 a6 4. Ba4 Nf6 5. Nc3 b5 6. Bb3 Bc5 7. h3 O-O 8. O-O
Bb7 9. d3 Re8 10. Bg5 h6 11. Bh4 d6 12. Nd5 g5 13. Nxf6+ Qxf6 14. Bg3 Nd4 15.
Nxd4 Bxd4 16. c3 Bb6 17. h4 Rad8 18. Qg4 Kf8 19. Rae1 Ke7 20. h5 Rd7 21. Kh1
Kd8 22. f4 exf4 23. Rxf4 gxf4 24. Bh4 Qxh4+ 25. Qxh4+ Kc8 26. Qxf4 d5 27. e5
Rg8 28. d4 Rg5 29. Bc2 c5 30. Bf5 Rxh5+ 31. Kg1 Rxf5 32. Qxf5 cxd4 33. e6 fxe6
34. Rxe6 Ba7 35. Re8+ Kc7 36. Qe5+ Kc6 37. Re6+ Kc5 38. Qxd4# 1-0

[Event "Open Aubagne 2024/25"]
[Site "Aubagne"]
[Date "2024.10.05"]
[Round "2.22"]
[White "Mouhieddine, Marouane"]
[Black "Dessagnes, Enzo"]
[Result "0-1"]
[WhiteElo "1299"]
[BlackElo "1299"]
[PlyCount "82"]
[WhiteTeam "Cassis Echecs"]
[BlackTeam "Cercle d'Echecs Aubagnais"]

1. e4 c5 2. Nf3 Nc6 3. d4 cxd4 4. Nxd4 d6 5. Bc4 a6 6. O-O g6 7. Be3 Bg7 8. Nc3
Nf6 9. h3 O-O 10. f4 Nd7 11. Be6 Nxd4 12. Bxd7 Nc6 13. Bxc8 Rxc8 14. Na4 Qa5
15. c3 Bh6 16. Bb6 Qb5 17. Qc2 Nd8 18. f5 Rc6 19. c4 Qxc4 20. Bxd8 Qxc2 21.
Bxe7 Re8 22. f6 Qxa4 23. Rfd1 Qa5 24. Rxd6 Rxd6 25. Bxd6 Qb6+ 26. Kh1 Qxd6 27.
Re1 Qe5 28. g4 Qxe4+ 29. Rxe4 Rxe4 30. Kg2 Re3 31. Kh2 Bf4+ 32. Kg2 h5 33. gxh5
gxh5 34. h4 Kh7 35. b4 Kg6 36. a4 Kf5 37. b5 Kg4 38. bxa6 bxa6 39. a5 Re2+ 40.
Kf1 Kf3 41. Kg1 Re1# 0-1

[Event "Open Aubagne 2024/25"]
[Site "Aubagne"]
[Date "2024.10.05"]
[Round "2.1"]
[White "Engles, Pierre"]
[Black "Mouhieddine, Hocine"]
[Result "0-1"]
[WhiteElo "1688"]
[BlackElo "1827"]
[PlyCount "76"]
[WhiteTeam "Hay Chess"]
[BlackTeam "Cassis Echecs"]

{[%evp 0,76,19,30,14,-9,16,6,6,2,15,4,-5,-40,19,17,23,38,38,33,56,25,57,56,80,
68,52,33,58,17,51,39,26,14,18,-1,-1,-1,20,0,0,-31,-32,-1 8,0,-26,0,0,0,0,0,0,5,
11,-1,-14,0,-24,-32,-32,-32,-23,-17,-37,-32,-39,0,0,54,-15,64,-442,-442,-442,
-408,-507,-1225,-29987,-2998 8]} 1. Nf3 d5 2. g3 g6 3. Bg2 Nf6 4. O-O Bg7 5. d3
O-O 6. Nbd2 c6 7. Re1 Re8 8. e4 dxe4 9. dxe4 e5 10. b3 Bg4 11. Bb2 Qc7 12. h3
Bxf3 13. Bxf3 Nbd7 14. a4 Rad8 15. Qe2 Nf8 16. Rad1 Ne6 17. Nc4 Nd4 18. Bxd4
Rxd4 19. Rd3 Nd7 20. Red1 Nc5 21. R3d2 Red8 22. Qe3 Ne6 23. c3 Rxd2 24. Rxd2 b5
25. Rxd8+ Nxd8 26. Nb2 Ne6 27. b4 a5 28. axb5 cxb5 29. bxa5 Qxa5 30. Nd1 Bf8
31. Qc1 Bc5 32. Be2 Qa2 33. Bxb5 Ba7 34. Qb2 Qa5 35. c4 Qe1+ 36. Kg2 Qxd1 37.
Qxe5 Bd4 38. Qf4 Nxf4+ 0-1

[Event "Open Aubagne 2024/25"]
[Site "Aubagne"]
[Date "2024.10.05"]
[Round "2.2"]
[White "Maggio, Lucas"]
[Black "Vrillet, Loan"]
[Result "1-0"]
[WhiteElo "1770"]
[BlackElo "1675"]
[PlyCount "65"]
[WhiteTeam "Cercle d'Echecs Aubagnais"]
[BlackTeam "Cercle d'Echecs Aubagnais"]

{[%evp 0,20,31,18,75,56,61,61,56,24,46,48,52,52,37,42,37,14,29,34,15,36,31]} 1.
e4 c6 2. d4 d5 3. e5 Bf5 4. h4 h5 5. Bd3 Bxd3 6. Qxd3 e6 7. Bg5 Qb6 8. Nd2 Nd7
9. Ngf3 Ne7 10. O-O Nf5 11. c4 Qa6 12. Rfd1 Nb6 13. b3 Be7 14. Bxe7 Kxe7 15. a4
Nd7 16. Qc3 b6 17. cxd5 cxd5 18. Qb4+ Kd8 19. Rac1 Qa5 20. Qa3 b5 21. Rc6 b4
22. Qc1 Ne7 23. Rc2 Rc8 24. Rxc8+ Nxc8 25. Ng5 Ke7 26. Ndf3 Qa6 27. Qf4 Rf8 28.
Nh7 Rh8 29. Qg5+ Ke8 30. Qxg7 Rf8 31. Nxf8 Nxf8 32. Rc1 Ne7 33. Ng5 1-0

[Event "Open Aubagne 2024/25"]
[Site "Aubagne"]
[Date "2024.10.05"]
[Round "2.3"]
[White "Gamblin, Vincent"]
[Black "Vrillet, Sylvain"]
[Result "0-1"]
[WhiteElo "1649"]
[BlackElo "1746"]
[PlyCount "78"]
[WhiteTeam "L'Echiquier du Roy René"]
[BlackTeam "Cercle d'Echecs Aubagnais"]

{[%evp 0,78,38,33,74,73,56,73,69,59,45,5,8,-17,6,-43,-23,-43,-24,-42,-39,-39,
-39,-39,-39,-39,-39,-54,-47,-40,-39,-37,-41,-35,-32,-72,- 72,-86,-81,-102,-84,
-84,-56,-53,-53,-128,-153,-153,-153,-193,-123,-214,-173,-267,-187,-285,-178,
-277,-280,-483,-480,-505,-334,- 519,-519,-656,-782,-1811,-1500,-1722,-1878,
-29985,-29986,-29987,-29988,-29989,-29990,-29991,-29992,-29993,-29994]} 1. e4
c6 2. d4 d5 3. e5 Bf5 4. Nf3 e6 5. Bg5 Qb6 6. b3 c5 7. Bd3 Bxd3 8. Qxd3 cxd4 9.
Nxd4 Bc5 10. Be3 Nc6 11. Nxc6 Bxe3 12. Qxe3 Qxc6 13. Qc3 Qa6 14. Qd3 Qa5+ 15.
Qc3 Qb6 16. Nd2 Ne7 17. Rc1 Rc8 18. Qa1 Qb4 19. c3 Qf4 20. c4 d4 21. Nf3 Qe4+
22. Kd2 O-O 23. Rce1 Qf4+ 24. Kc2 Nc6 25. Rd1 Rfd8 26. a3 Qe4+ 27. Kc1 Nxe5 28.
Nxe5 Qxe5 29. g3 b5 30. Rhe1 Qf6 31. Re2 bxc4 32. b4 Qf3 33. Qb2 c3 34. Qc2 d3
35. Re3 d2+ 36. Kb1 Qxd1+ 37. Qxd1 c2+ 38. Qxc2 Rxc2 39. Kxc2 d1=Q+ 0-1

[Event "Open Aubagne 2024/25"]
[Site "Aubagne"]
[Date "2024.10.05"]
[Round "2.4"]
[White "Madi, Walid"]
[Black "Normand, Christophe"]
[Result "1-0"]
[WhiteElo "1741"]
[BlackElo "1553"]
[PlyCount "81"]
[WhiteTeam "Cercle d'Echecs Aubagnais"]
[BlackTeam "Club d'Echecs Pennois (CEP)"]

{[%evp 0,81,10,26,67,22,42,32,37,36,48,31,39,27,64,53,50,39,199,199,196,204,
190,200,287,290,280,276,285,260,241,232,257,234,239,230,25 9,223,268,228,235,
207,213,202,275,281,298,296,301,301,270,275,295,295,335,317,328,317,412,374,
369,366,490,446,438,432,505,446,8 35,901,1258,1258,1499,612,1258,659,1128,973,
1159,1346,29981,29984,29993,29994]} 1. d4 d6 2. c4 g6 3. e4 Bg7 4. Nc3 Nf6 5.
Nf3 O-O 6. h3 c6 7. Be3 Nbd7 8. Be2 Re8 9. e5 dxe5 10. dxe5 Nxe5 11. Nxe5 Nd7
12. Nxd7 Bxd7 13. O-O Qc7 14. Bd4 e5 15. Bc5 b6 16. Be3 Rad8 17. Qc1 f5 18. Bh6
Bh8 19. Rd1 Be6 20. Qc2 Bf6 21. Be3 f4 22. Ne4 Kg7 23. Nxf6 Kxf6 24. Bd2 Bf5
25. Qc1 h6 26. Bc3 g5 27. Rxd8 Rxd8 28. Qe1 Kg6 29. Bf3 Re8 30. Be4 Bxe4 31.
Qxe4+ Kf6 32. Rd1 Re6 33. h4 gxh4 34. Qxf4+ Kg6 35. Qg4+ Kf7 36. Qh5+ Kg7 37.
Qxh4 Rg6 38. Qe4 Kf6 39. Rd3 Rxg2+ 40. Qxg2 Qg7 41. Rf3+ 1-0

[Event "Open Aubagne 2024/25"]
[Site "Aubagne"]
[Date "2024.10.05"]
[Round "2.6"]
[White "Battaglia, Gerard"]
[Black "Belaid, Noa"]
[Result "1/2-1/2"]
[WhiteElo "1721"]
[BlackElo "1617"]
[PlyCount "77"]
[WhiteTeam "Echiquier Marseillais 1872"]
[BlackTeam "Hay Chess"]

{[%evp 0,77,39,29,24,7,43,14,39,42,35,35,35,2,-2,13,49,40,42,-30,9,-117,-113,
-69,-42,-41,-37,-43,-47,-69,-23,-13,-20,-20,-4,-4,0,0,0,- 13,-12,-16,-19,-21,
-15,-22,-6,-43,-35,-80,-60,-60,-59,-55,-66,-73,-60,-60,-53,-42,-42,-73,-56,-77,
-85,-85,-85,-80,-82,-74,-10,- 10,-10,-10,-10,-10,-7,-10,-10,-15]} 1. d4 Nf6 2.
h3 g6 3. c4 Bg7 4. Nc3 d5 5. Nf3 c6 6. a4 O-O 7. Bf4 Ne4 8. e3 Qa5 9. Qc1 Nd7
10. Nd2 e5 11. dxe5 Nxc3 12. Qxc3 Qxc3 13. bxc3 Nxe5 14. Rc1 Nxc4 15. Nxc4 dxc4
16. Bxc4 Bf5 17. f3 Rad8 18. e4 Rfe8 19. O-O Be6 20. Bxe6 Rxe6 21. Rc2 Rd3 22.
Rb1 Re7 23. Rb3 Red7 24. h4 h5 25. Kh2 Bf6 26. Kh3 Rd1 27. g3 Ra1 28. Rb4 Ra3
29. e5 Bd8 30. Rc4 Rd3 31. Rb2 Bb6 32. Kg2 Rd1 33. Re2 Raa1 34. Rce4 Rh1 35.
Be3 Bxe3 36. R4xe3 Rhg1+ 37. Kh3 Rh1+ 38. Kg2 Rhg1+ 39. Kh2 1/2-1/2

[Event "Open Aubagne 2024/25"]
[Site "Aubagne"]
[Date "2024.10.05"]
[Round "2.7"]
[White "Kuntz, Tom"]
[Black "Roger, Patrick"]
[Result "1-0"]
[WhiteElo "1399"]
[BlackElo "1711"]
[PlyCount "115"]
[WhiteTeam "Marseille Passion Echecs"]
[BlackTeam "Echiquier Marseillais 1872"]

{[%evp 0,115,8,25,42,36,43,22,22,28,15,31,25,18,19,1,24,8,19,-2,15,7,6,6,5,0,8,
-10,-17,-14,-15,-51,-25,-45,-21,-18,-18,-11,-4,-15,-5,- 43,-6,22,-14,-21,16,16,
0,-13,53,56,47,47,33,34,86,79,95,86,116,131,145,145,145,145,153,0,0,0,0,-31,
-13,-6,0,0,5,0,3,-958,-879,- 952,0,0,0,0,361,462,942,899,1012,949,1022,1032,
1032,2204,2204,1831,29955,2182,2182,29982,29975,29982,29983,29984,29989,29990,
29 991,1012,1022,1022,1022,1964,2696,27844,28242,28262]} 1. e4 e6 2. d4 d5 3.
exd5 exd5 4. Nf3 Nf6 5. Bd3 Bd6 6. O-O O-O 7. Bg5 Bg4 8. Nbd2 Nbd7 9. c3 h6 10.
Bh4 c6 11. h3 Bxf3 12. Qxf3 Qc7 13. Bxf6 Nxf6 14. Rfe1 Rfe8 15. b4 a6 16. a4
Re7 17. Rxe7 Qxe7 18. Nf1 Re8 19. Ne3 Qc7 20. Nf5 Re6 21. b5 cxb5 22. Nxd6 Rxd6
23. axb5 a5 24. Qg3 Ne4 25. Bxe4 dxe4 26. Rxa5 Qxa5 27. Qxd6 Qxb5 28. d5 Qb1+
29. Kh2 Qc2 30. Qe5 Qa4 31. Qb8+ Kh7 32. Qxb7 Qe8 33. Qa6 Qe5+ 34. g3 Qxd5 35.
Qe2 Qd3 36. Qe3 f5 37. g4 Kg6 38. Kg3 Kf6 39. Qxd3 exd3 40. Kf3 fxg4+ 41. hxg4
Ke5 42. Ke3 Kd5 43. Kxd3 g6 44. c4+ Ke5 45. Ke3 g5 46. f3 Kd6 47. Kd4 Kc6 48.
c5 Kc7 49. Kd5 Kd7 50. c6+ Kc7 51. Kc5 Kc8 52. Kd6 Kd8 53. c7+ Kc8 54. Ke6 Kxc7
55. Kf6 Kd7 56. Kg6 Ke7 57. Kxh6 Kf6 58. Kh5 1-0

[Event "Open Aubagne 2024/25"]
[Site "Aubagne"]
[Date "2024.10.05"]
[Round "2.8"]
[White "Engles, Baptiste"]
[Black "Maffone, Jean-Charles"]
[Result "0-1"]
[WhiteElo "1299"]
[BlackElo "1691"]
[PlyCount "96"]
[WhiteTeam "Hay Chess"]
[BlackTeam "Cercle d'Echecs Aubagnais"]

{[%evp 0,96,30,31,66,49,37,17,28,20,84,84,65,49,75,79,59,59,53,35,45,-2,41,-35,
-36,-39,-56,-41,-46,-43,-31,-34,-18,-27,-32,-176,-23,-2 3,-30,-30,-10,-14,-14,
-27,-20,-23,-16,-19,-22,-137,-137,-137,-145,-148,-109,-118,-110,-119,-112,-128,
-98,-330,-347,-352,-352,-3 52,-347,-514,-388,-522,-543,-519,-404,-414,-407,
-434,-346,-449,-442,-535,-535,-533,-548,-528,-529,-623,-623,-656,-521,-603,
-626 ,-736,-754,-754,-762,-782,-690,-693,-972]} 1. e4 c5 2. Nf3 e6 3. d4 cxd4
4. Nxd4 a6 5. Nc3 Qc7 6. g3 d6 7. Bg2 Nf6 8. O-O Be7 9. Re1 Nbd7 10. Be3 O-O
11. Qd3 Ne5 12. Qd2 Nc4 13. Qc1 Nxe3 14. Qxe3 Ng4 15. Qe2 Ne5 16. Nf3 Nc4 17.
b3 Ne5 18. Nd1 Nxf3+ 19. Bxf3 Bf6 20. Rc1 Bd7 21. a4 Rac8 22. Ne3 b5 23. axb5
Bxb5 24. Nc4 Bxc4 25. Qxc4 Qxc4 26. bxc4 Rxc4 27. Be2 Rc6 28. c4 Rb8 29. Bf3
Rc5 30. Ra1 Bxa1 31. Rxa1 a5 32. Be2 Kf8 33. Rd1 Ke7 34. Kg2 a4 35. Ra1 Ra8 36.
Kf3 a3 37. Ke3 Rca5 38. Bd3 Rb8 39. Bb1 Rb2 40. Ba2 f5 41. exf5 Rxf5 42. Bb1
Ra5 43. Ba2 Kf6 44. h3 Re5+ 45. Kf3 Rf5+ 46. Ke3 Rfxf2 47. Bb1 a2 48. Bxh7 g6
0-1

[Event "Open Aubagne 2024/25"]
[Site "Aubagne"]
[Date "2024.10.05"]
[Round "2.10"]
[White "Deregnaucourt, Yves"]
[Black "Arlot, Bastien"]
[Result "1-0"]
[WhiteElo "1708"]
[BlackElo "1573"]
[PlyCount "51"]
[WhiteTeam "Cercle d'Echecs Aubagnais"]
[BlackTeam "Hay Chess"]

{[%evp 0,51,8,28,73,66,83,81,80,44,50,55,16,-3,18,-76,11,-7,219,267,239,239,
29985,29986,29987,29988,29989,536,535,409,29989,445,445,36 9,549,569,584,455,
471,496,539,534,534,546,29993,29994,29995,29996,29997,29994,29995,29992,29999,
29999]} 1. e4 g6 2. d4 c6 3. Nf3 Bg7 4. c3 d5 5. e5 f6 6. Bd3 Bg4 7. Bf4 Qb6 8.
Qc2 Bf5 9. Bxf5 gxf5 10. Qxf5 Qxb2 11. Qc8+ Kf7 12. e6+ Kg6 13. Qe8+ Kf5 14.
Nh4+ Kxf4 15. g3+ Ke4 16. O-O Kd3 17. Rd1+ Kc4 18. Nd2+ Kxc3 19. Rac1+ Qxc1 20.
Rxc1+ Kxd2 21. Rb1 b6 22. Qh5 Bh6 23. Qd1+ Kc3 24. Qb3+ Kxd4 25. Nf3+ Kc5 26.
Qb4# 1-0

[Event "Open Aubagne 2024/25"]
[Site "Aubagne"]
[Date "2024.11.09"]
[Round "3.1"]
[White "Mouhieddine, Hocine"]
[Black "Madi, Walid"]
[Result "0-1"]
[WhiteElo "1842"]
[BlackElo "1760"]
[PlyCount "72"]
[WhiteTeam "Cassis Echecs"]
[BlackTeam "Cercle d'Echecs Aubagnais"]

1. d4 Nf6 2. Nf3 e6 3. Bf4 b6 4. e3 Bb7 5. Nbd2 d5 6. Bd3 Nbd7 7. O-O Ne4 8.
Ne5 Nxe5 9. Bxe5 Qd7 10. Nxe4 dxe4 11. Be2 O-O-O 12. a4 a5 13. c4 Qe7 14. Qc2
h5 15. h3 f6 16. Bh2 g5 17. c5 bxc5 18. dxc5 Qxc5 19. Qb3 Qb6 20. Bb5 e5 21.
Rac1 Bd5 22. Bd7+ Kb8 23. Qxd5 Rh7 24. Rc6 Qb7 25. Qxa5 Rhxd7 26. Rxf6 Rd5 27.
Qc3 Rd3 28. Qc4 Qxb2 29. Qxe4 Rd1 30. g4 Qe2 31. Qg2 Be7 32. Rb6+ cxb6 33.
Bxe5+ Bd6 34. Rxd1 Qxd1+ 35. Kh2 Bxe5+ 36. f4 Rd2 0-1

[Event "Open Aubagne 2024/25"]
[Site "Aubagne"]
[Date "2024.11.09"]
[Round "3.2"]
[White "Cescon, Moreno"]
[Black "Maggio, Lucas"]
[Result "0-1"]
[WhiteElo "1762"]
[BlackElo "1775"]
[PlyCount "113"]
[WhiteTeam "Club d'Echecs Pennois (CEP)"]
[BlackTeam "Cercle d'Echecs Aubagnais"]

1. e4 e6 2. Nf3 d5 3. exd5 exd5 4. d4 Nf6 5. Be2 Bd6 6. O-O O-O 7. Bg5 Bf5 8.
Nbd2 Nbd7 9. h3 h6 10. Bh4 c6 11. Nh2 Qc7 12. Bg3 Bxg3 13. fxg3 Be4 14. Qe1
Bxc2 15. Ng4 Nxg4 16. Bxg4 Rae8 17. Qf2 Bd3 18. Rfe1 Nf6 19. Bf3 Be4 20. Rac1
Qd6 21. Kh2 Re7 22. Re3 Rfe8 23. Rce1 Bg6 24. Rxe7 Rxe7 25. Rxe7 Qxe7 26. Qe2
Qxe2 27. Bxe2 Kf8 28. b4 Ke7 29. Nb3 b6 30. Kg1 Ne4 31. Bf3 Nxg3 32. a4 Bc2 33.
Kf2 Nh1+ 34. Kg1 Bxb3 35. Kxh1 Bxa4 36. Kg1 a5 37. bxa5 bxa5 38. Kf2 Bb3 39.
Ke3 a4 40. Kd2 a3 41. Kc3 a2 42. Kb2 Bc4 43. Bd1 Kd6 44. g3 c5 45. dxc5+ Kxc5
46. Bh5 g6 47. Bg4 d4 48. Bd1 d3 49. h4 d2 50. g4 Kd4 51. g5 hxg5 52. hxg5 Ke3
53. Ka1 Kf2 54. Kb2 Ke1 55. Bc2 d1=Q 56. Bxd1 Kxd1 57. Ka1 0-1

[Event "Open Aubagne 2024/25"]
[Site "Aubagne"]
[Date "2024.11.09"]
[Round "3.4"]
[White "Maffone, Jean-Charles"]
[Black "Battaglia, Gerard"]
[Result "1-0"]
[WhiteElo "1692"]
[BlackElo "1712"]
[PlyCount "97"]
[WhiteTeam "Cercle d'Echecs Aubagnais"]
[BlackTeam "Echiquier Marseillais 1872"]

1. e4 e5 2. Nf3 d6 3. d4 Nd7 4. Nc3 h6 5. h3 Ngf6 6. Bd3 Be7 7. a4 c6 8. dxe5
dxe5 9. O-O O-O 10. Be3 b6 11. Qe2 Qc7 12. Rfd1 Nc5 13. Bxc5 Bxc5 14. Bc4 Nh5
15. Ne1 Nf4 16. Qf3 Qe7 17. Nd3 Nxd3 18. Rxd3 Be6 19. Ba2 Bd4 20. Nd1 Bxa2 21.
Rxa2 Qe6 22. Ra1 f5 23. c3 fxe4 24. Qxe4 Rf4 25. Qe2 Bc5 26. b4 Bd6 27. g3 Rf6
28. Qg4 Qf7 29. Rb1 Rf8 30. Rb2 h5 31. Qe4 Rc8 32. Rbd2 Qf8 33. Ne3 Bb8 34. Nc4
Re8 35. Kg2 Kh8 36. Rd7 Rfe6 37. Ne3 Rf6 38. Qh4 g6 39. Qg5 e4 40. Nd1 Rfe6 41.
Qe3 Rd6 42. R2xd6 Bxd6 43. Rxa7 c5 44. Kg1 Bb8 45. Rb7 cxb4 46. cxb4 Bd6 47.
Qg5 Re6 48. Rd7 Be7 49. Qe3 1-0

[Event "Open Aubagne 2024/25"]
[Site "Aubagne"]
[Date "2024.11.09"]
[Round "3.5"]
[White "Jardel, Stephane"]
[Black "Deregnaucourt, Yves"]
[Result "0-1"]
[WhiteElo "1399"]
[BlackElo "1708"]
[PlyCount "60"]
[WhiteTeam "Cercle d'Echecs Aubagnais"]
[BlackTeam "Cercle d'Echecs Aubagnais"]

1. c4 e5 2. Nc3 Nf6 3. d3 Nc6 4. g3 Bc5 5. Bg2 d6 6. Nf3 Bg4 7. O-O h6 8. a3 a6
9. b4 Ba7 10. Bb2 O-O 11. Qc2 Qd7 12. Rfe1 Bh3 13. Bh1 Rac8 14. e3 Bf5 15. Nd2
Bh7 16. Nce4 Ng4 17. h3 f5 18. hxg4 fxe4 19. Bxe4 Bxe4 20. Nxe4 Qxg4 21. Kg2
Qf3+ 22. Kh2 Rf5 23. g4 Qxg4 24. Ng3 Rcf8 25. Re2 Rg5 26. Rae1 Rf3 27. Rg1 Bxe3
28. Rf1 Qh4+ 29. Kg2 Rfxg3+ 30. fxg3 Rxg3# 0-1

[Event "Open Aubagne 2024/25"]
[Site "Aubagne"]
[Date "2024.11.09"]
[Round "3.6"]
[White "Belaid, Noa"]
[Black "Giraudoux Lognos, Lina"]
[Result "1-0"]
[WhiteElo "1654"]
[BlackElo "1477"]
[PlyCount "125"]
[WhiteTeam "Hay Chess"]
[BlackTeam "Cercle d'Echecs Aubagnais"]

1. e4 c5 2. Nf3 d6 3. Bc4 e6 4. Nc3 Nc6 5. d3 Be7 6. Bf4 a6 7. a3 Nf6 8. Qd2
Bd7 9. Ba2 b5 10. e5 dxe5 11. Nxe5 Nxe5 12. Bxe5 Bc6 13. O-O O-O 14. Rad1 Ng4
15. Bg3 Ra7 16. Qf4 Nf6 17. Qe3 Nd5 18. Nxd5 Bxd5 19. Bxd5 Qxd5 20. b3 Qc6 21.
Rd2 Rd8 22. Rfd1 Rad7 23. h3 Bf6 24. Be5 Bxe5 25. Qxe5 Qd5 26. Qxd5 Rxd5 27.
Kf1 f5 28. f4 h6 29. h4 Kf7 30. Kf2 Kf6 31. Ke3 e5 32. fxe5+ Rxe5+ 33. Kf3 Rde8
34. b4 g5 35. hxg5+ hxg5 36. c4 cxb4 37. axb4 Re3+ 38. Kf2 f4 39. c5 Ke6 40.
Ra1 Ra8 41. Re2 Rxe2+ 42. Kxe2 Kd5 43. Kf3 Kd4 44. Ra3 Re8 45. Kg4 Re3 46. Kxg5
Rxd3 47. Rxd3+ Kxd3 48. c6 a5 49. c7 axb4 50. c8=Q b3 51. Qc1 b4 52. Kxf4 b2
53. Qxb2 Kc4 54. g4 b3 55. g5 Kd5 56. Qxb3+ Kd6 57. Qb5 Ke7 58. Qc6 Kf7 59.
Qf6+ Kg8 60. Qe7 Kh8 61. g6 Kg8 62. Qf7+ Kh8 63. Qh7# 1-0

[Event "Open Aubagne 2024/25"]
[Site "Aubagne"]
[Date "2024.11.09"]
[Round "3.7"]
[White "Hammami, Hakim"]
[Black "Benezra, David"]
[Result "1/2-1/2"]
[WhiteElo "1399"]
[BlackElo "1633"]
[PlyCount "74"]
[WhiteTeam "Cercle d'Echecs Aubagnais"]
[BlackTeam "L'Echiquier du Roy René"]

1. e4 c5 2. Nf3 e6 3. d4 cxd4 4. Nxd4 a6 5. Bd3 b5 6. a3 Bc5 7. Nb3 Be7 8. O-O
Bb7 9. Re1 d6 10. Bd2 Nc6 11. Bc3 Nf6 12. N1d2 O-O 13. Nf1 Qc7 14. Ng3 Ne5 15.
Ba5 Qb8 16. Nd2 Qa7 17. h3 Rac8 18. Nf3 Nxf3+ 19. Qxf3 d5 20. Bd2 dxe4 21. Nxe4
Nxe4 22. Bxe4 Bxe4 23. Qxe4 Rc4 24. Be3 Qc7 25. Qf3 Rxc2 26. Rac1 Bf6 27. Rxc2
Qxc2 28. Qe2 Qxe2 29. Rxe2 Rd8 30. g4 Rd1+ 31. Kg2 Rb1 32. Rc2 g6 33. Bh6 Rd1
34. Rc8+ Rd8 35. Rxd8+ Bxd8 36. Kf3 Bf6 37. b3 Bb2 1/2-1/2

[Event "Open Aubagne 2024/25"]
[Site "Aubagne"]
[Date "2024.11.09"]
[Round "3.8"]
[White "Roger, Patrick"]
[Black "Pala, Gerard"]
[Result "1-0"]
[WhiteElo "1724"]
[BlackElo "1539"]
[PlyCount "71"]
[WhiteTeam "Echiquier Marseillais 1872"]
[BlackTeam "Cercle d'Echecs Aubagnais"]

1. e4 c6 2. d4 d5 3. Nc3 dxe4 4. Nxe4 Bf5 5. Ng3 Bg6 6. h4 h6 7. Nf3 e6 8. Bd3
Bxd3 9. Qxd3 Nf6 10. Bd2 Nbd7 11. O-O-O Be7 12. Ne4 Nd5 13. Kb1 O-O 14. g4 a5
15. g5 h5 16. Ne5 Nxe5 17. dxe5 g6 18. Qf3 a4 19. Nf6+ Kg7 20. c4 Nb6 21. Bb4
Qc7 22. Bd6 Qd8 23. Qc3 Nc8 24. Bxe7 Qxe7 25. Rd7 Qc5 26. Ne4 Qb6 27. Rhd1 Na7
28. Qf3 Qb4 29. Nd6 Kh8 30. Rxf7 Rxf7 31. Nxf7+ Kh7 32. Nd6 Kh8 33. Qf6+ Kh7
34. Qe7+ Kh8 35. Nf7+ Kg8 36. Qxb4 1-0

[Event "Open Aubagne 2024/25"]
[Site "Aubagne"]
[Date "2024.11.09"]
[Round "3.9"]
[White "Roux, Jean-Marie"]
[Black "Engles, Pierre"]
[Result "0-1"]
[WhiteElo "1498"]
[BlackElo "1673"]
[PlyCount "106"]
[WhiteTeam "L'Echiquier du Roy René"]
[BlackTeam "Hay Chess"]

1. e4 d6 2. Nf3 Nf6 3. Nc3 e5 4. Bc4 Be7 5. d3 O-O 6. Bg5 Nc6 7. Qd2 a6 8. h4
Bg4 9. O-O-O Nd4 10. Qe3 b5 11. Bb3 Nxb3+ 12. cxb3 h6 13. Bxh6 gxh6 14. Qxh6
Nh7 15. Kb1 Bxf3 16. gxf3 Kh8 17. Rdg1 Rg8 18. Nd5 Qd7 19. Rc1 Qe6 20. Qd2 Bd8
21. f4 exf4 22. Qxf4 Rg4 23. Qf3 Nf6 24. Ne3 Rg6 25. e5 Rc8 26. exf6 Bxf6 27.
Nd5 Qe5 28. Rc2 c5 29. Nf4 Rg7 30. Ne2 Rcg8 31. h5 Rg5 32. Ng3 Rg4 33. Ne2 a5
34. a3 a4 35. bxa4 Rxa4 36. Nc3 Rf4 37. Qd1 b4 38. axb4 Rxb4 39. Qd2 Bg5 40.
Qd1 Ra8 41. Qf3 Ra7 42. Qe2 Qxe2 43. Nxe2 Rba4 44. Rc3 Ra1+ 45. Kc2 Rxh1 46.
Ng3 Rh2 47. Ne4 Bf4 48. Rb3 Rxh5 49. Nf6 Rh2 50. Ng4 Rg2 51. Nf6 Rxf2+ 52. Kc3
Be5+ 53. Kc4 Rxf6 0-1

[Event "Open Aubagne 2024/25"]
[Site "Aubagne"]
[Date "2024.11.09"]
[Round "3.10"]
[White "Vrillet, Loan"]
[Black "Rocchia, Alex"]
[Result "1-0"]
[WhiteElo "1669"]
[BlackElo "1537"]
[PlyCount "49"]
[WhiteTeam "Cercle d'Echecs Aubagnais"]
[BlackTeam "Cercle d'Echecs Aubagnais"]

1. e4 e5 2. Nf3 Nc6 3. Bb5 Bc5 4. O-O Nf6 5. d3 O-O 6. Bxc6 dxc6 7. Nxe5 Qd6 8.
Nc4 Qe6 9. Be3 Bxe3 10. Nxe3 Rd8 11. Nd2 b6 12. f4 Bb7 13. Qf3 c5 14. a4 Kh8
15. Qg3 Rg8 16. f5 Qe7 17. Qh4 Qe5 18. Qf4 Qd4 19. Nf3 Qd6 20. Ng5 Raf8 21. e5
Nh5 22. exd6 Nxf4 23. Rxf4 cxd6 24. Nxh7 Re8 25. Rh4 1-0